[Event "Barcelona Sant Marti op-B 21st"]
[Site "Barcelona"]
[Date "2019.07.14"]
[Round "2"]
[White "Soriano Rafel, Xavier"]
[Black "Pujal Moncho, Joaquim"]
[Result "0-1"]
[WhiteElo "1169"]
[BlackElo "1797"]
[PlyCount "58"]
[EventDate "2019.07.13"]
[EventType "swiss"]
[EventRounds "9"]
[EventCountry "ESP"]
[SourceTitle "EXT 2020"]
[Source "ChessBase"]
[SourceDate "2019.10.17"]
[SourceVersion "1"]
[SourceVersionDate "2019.10.17"]
[SourceQuality "1"]

1. d4 d5 2. Nf3 e6 3. e3 f5 4. Bd3 Nf6 5. b3 Be7 6. Bb2 0-0 7. Nbd2 c6 8. 0-0 Ne4 9. Ne5 Nd7 10. c4 Ndf6 11. f3 Ng5 12. Qe2 Nf7 13. g4 fxg4 14. fxg4 Nxe5 15. dxe5 Nd7 16. Rxf8+ Nxf8 17. Rf1 Bd7 18. Rf3 Be8 19. Rh3 Bg6 20. e4 dxe4 21. Nxe4 Bxe4 22. Qxe4 g6 23. Rxh7 Kxh7 24. Bc1 Bg5 25. Ba3 Be7 26. Bc1 Qe8 27. Qf4 Kg8 28. Qh6 Qf7 29. h4 Bc5+ 0-1

[Event "Barcelona Sant Marti op-B 21st"]
[Site "Barcelona"]
[Date "2019.07.13"]
[Round "1"]
[White "Clanchet Olle, Josep"]
[Black "Soriano Rafel, Xavier"]
[Result "1/2-1/2"]
[WhiteElo "1696"]
[BlackElo "1169"]
[PlyCount "159"]
[EventDate "2019.07.13"]
[EventType "swiss"]
[EventRounds "9"]
[EventCountry "ESP"]
[SourceTitle "EXT 2020"]
[Source "ChessBase"]
[SourceDate "2019.10.17"]
[SourceVersion "1"]
[SourceVersionDate "2019.10.17"]
[SourceQuality "1"]

1. e4 e6 2. d4 d5 3. Nc3 dxe4 4. Nxe4 Bd7 5. Nf3 Bc6 6. Bd3 Bxe4 7. Bxe4 c6 8. Bf4 Nf6 9. Qe2 Nxe4 10. Qxe4 Nd7 11. 0-0 Nf6 12. Qd3 Bd6 13. Bxd6 Qxd6 14. c4 h6 15. Qb3 Rb8 16. Qa4 Ra8 17. b4 0-0 18. Rab1 Ne4 19. Qc2 f5 20. b5 c5 21. Rfd1 Rad8 22. Nd2 Qxd4 23. Nxe4 Qxe4 24. Qxe4 fxe4 25. Kf1 Rd4 26. Rbc1 Rfd8 27. Ke2 Kf7 28. a4 a5 29. Rxd4 Rxd4 30. Ke3 e5 31. h3 Kg6 32. g3 Kg5 33. Rc3 h5 34. Rc1 Kf5 35. Rc3 g5 36. Ke2 h4 37. Ke3 g4 38. hxg4+ Kxg4 39. gxh4 Kxh4 40. Ke2 b6 41. Ke3 Kh3 42. Ke2+ Kh2 43. Ke3 Kg2 44. Rc2 Kh3 45. Rc3 Kg4 46. Rc2 Kf5 47. Rc3 Rd1 48. Ke2 Ra1 49. Rh3 Rxa4 50. Rh5+ Kf4 51. Rh4+ Kf5 52. Rh6 Rxc4 53. Rxb6 Rb4 54. Rb8 a4 55. b6 a3 56. b7 a2 57. Ra8 Rb2+ 58. Ke3 Rxb7 59. Rxa2 Rb3+ 60. Ke2 c4 61. Ra8 c3 62. Rf8+ Ke6 63. Kd1 Rb2 64. Kc1 Re2 65. Kd1 Ra2 66. Kc1 Ke7 67. Rf5 Kd6 68. Rf8 Kd5 69. Rc8 Kd4 70. Rd8+ Kc4 71. Rc8+ Kd3 72. Rd8+ Ke2 73. Rf8 Ke1 74. f4 exf4 75. Rxf4 e3 76. Rh4 Kf2 77. Rh2+ Kf1 78. Rxa2 e2 79. Rxe2 Kxe2 80. Kc2 1/2-1/2

[Event "Barcelona Tres Peons-C 47th"]
[Site "Barcelona"]
[Date "2018.05.25"]
[Round "5.4"]
[White "Soriano Rafel, Xavier"]
[Black "Membrives Cano, Diego"]
[Result "1-0"]
[WhiteElo "1663"]
[BlackElo "1266"]
[PlyCount "51"]
[EventDate "2018.04.27"]
[EventType "tourn"]
[EventRounds "9"]
[EventCountry "ESP"]
[SourceTitle "EXT 2024"]
[Source "ChessBase"]
[SourceDate "2023.10.10"]
[SourceVersion "1"]
[SourceVersionDate "2023.10.10"]
[SourceQuality "1"]

1. d4 Nf6 2. Nf3 d6 3. Bf4 g6 4. e3 Bg7 5. Be2 c5 6. dxc5 Qa5+ 7. Nc3 Qxc5 8. Rb1 Nh5 9. Bb5+ Nc6 10. Qd2 Nxf4 11. exf4 0-0 12. 0-0 Bxc3 13. bxc3 a6 14. Be2 b5 15. Rb2 Bb7 16. Ng5 Rad8 17. Qd3 e6 18. Qh3 h5 19. Bxh5 Qxc3 20. Qxc3 gxh5 21. Qf6 Rd7 22. Rb3 h4 23. Rh3 Ne7 24. Qh6 Rc8 25. Rxh4 f6 26. Qh8# 1-0

[Event "Barcelona Tres Peons-C 47th"]
[Site "Barcelona"]
[Date "2018.05.11"]
[Round "3.4"]
[White "Fuente Pulido, Aitor"]
[Black "Soriano Rafel, Xavier"]
[Result "1-0"]
[WhiteElo "1541"]
[BlackElo "1663"]
[PlyCount "37"]
[EventDate "2018.04.27"]
[EventType "tourn"]
[EventRounds "9"]
[EventCountry "ESP"]
[SourceTitle "EXT 2024"]
[Source "ChessBase"]
[SourceDate "2023.10.10"]
[SourceVersion "1"]
[SourceVersionDate "2023.10.10"]
[SourceQuality "1"]

1. e4 e5 2. Nf3 Nc6 3. d4 exd4 4. c3 dxc3 5. Nxc3 Bb4 6. Bc4 h6 7. Qb3 Qe7 8. 0-0 Nf6 9. Nd5 Nxd5 10. exd5 Na5 11. Qc2 Qc5 12. b3 0-0 13. a3 Nxc4 14. axb4 Qxb4 15. Qxc4 Qd6 16. Ba3 Qg6 17. Bxf8 Kxf8 18. Qxc7 d6 19. Qd8# 1-0